Normal view
MARC view
Entry Topical Term
001 - CONTROL NUMBER
- control field: 35910
003 - CONTROL NUMBER IDENTIFIER
- control field: dpl
005 - DATE AND TIME OF LATEST TRANSACTION
- control field: 20111117144839.0
008 - FIXED-LENGTH DATA ELEMENTS
- fixed length control field: 111117|||a|||||| | ||| d
040 ## - CATALOGING SOURCE
- Original cataloging agency: dpl
- Transcribing agency: dpl
150 ## - HEADING--TOPICAL TERM
- Topical term or geographic name as entry element: Corporations
- General subdivision: Finance.
670 ## - SOURCE DATA FOUND
- Source citation: Work cat.: (dpl)0: Diermeier, Daniel 35909, Reputation rules :, c2011.
670 ## - SOURCE DATA FOUND
- Source citation: Work cat.: (dpl)0: Diermeier, Daniel 35909, Reputation rules :, c2011.
